000 00684nam a2200241Ia 4500
003 OSt
005 20220918174813.0
006 a|||||r|||| 00| 0
007 ta
008 220917b |||||||| |||| 00| 0 eng d
024 _a14,201
037 _cTextual
040 _aARTS
_cARTS
_beng
041 _2eng
_aeng
082 _aNT.561, M5
100 _aBristol Michael D.
_951806
245 0 _aCarnival and theater
_b Plebe-ian culture and the structure of authority in renaissance England
260 _aNew York
_bMethuen
_c1985
300 _aix,237p.
_ccm.
650 _aARTS
942 _hNT.561, M5
_cTEXL
_2CC
999 _c154756
_d154756